[Event "Florianopolis op 7th"]
[Site "Florianopolis"]
[Date "2021.01.24"]
[Round "10"]
[White "Guara Neto, Argemiro Braga"]
[Black "Marcondes, Igor Dalcol"]
[Result "1-0"]
[WhiteElo "2057"]
[BlackElo "1741"]
[PlyCount "113"]
[EventDate "2021.01.18"]
[EventType "swiss"]
[EventRounds "10"]
[EventCountry "BRA"]
[SourceTitle "CBM 200 Extra"]
[Source "ChessBase"]
[SourceDate "2021.03.31"]
[SourceVersion "1"]
[SourceVersionDate "2021.03.31"]
[SourceQuality "1"]

1. e4 c6 2. d4 d5 3. exd5 cxd5 4. Bd3 Nc6 5. c3 Nf6 6. Bg5 Bg4 7. f3 Bh5 8. Nd2 Bg6 9. Nb3 Bxd3 10. Qxd3 e6 11. Ne2 Be7 12. h4 h6 13. Be3 Qc7 14. Nc5 Bd6 15. Qb5 b6 16. Nd3 a6 17. Qa4 b5 18. Qc2 Nb4 19. Nxb4 Bxb4 20. a4 Ba5 21. axb5 axb5 22. b4 0-0 23. bxa5 Rxa5 24. Rxa5 Qxa5 25. 0-0 Rc8 26. Qb3 Qa6 27. Qb2 Rb8 28. Ra1 Qc6 29. Qb4 Qc4 30. Qxc4 bxc4 31. Ra2 Rb3 32. Kf2 Rb1 33. Bf4 Kh7 34. Be5 Kg6 35. Nf4+ Kh7 36. Bxf6 gxf6 37. g4 Rb3 38. Ne2 Kg6 39. Ra8 Kg7 40. f4 Rb1 41. Ra7 Rh1 42. h5 Rh3 43. Ng3 Rh2+ 44. Kf3 Rd2 45. Ne2 Rd3+ 46. Kf2 Rh3 47. Rd7 Rh2+ 48. Kf3 Rh3+ 49. Ng3 Rh2 50. f5 e5 51. Rxd5 Rd2 52. Ne2 Rd3+ 53. Ke4 Rd2 54. Ke3 Rd3+ 55. Kf2 Rd2 56. Rd6 exd4 57. Rxd4 1-0

[Event "Teresina op 7th"]
[Site "Teresina"]
[Date "2019.08.03"]
[Round "4"]
[White "Guara Neto, Argemiro Braga"]
[Black "Chaves, Allysson Pereira"]
[Result "0-1"]
[WhiteElo "2052"]
[BlackElo "2083"]
[PlyCount "74"]
[EventDate "2019.08.02"]
[EventType "swiss"]
[EventRounds "6"]
[EventCountry "BRA"]
[SourceTitle "EXT 2020"]
[Source "ChessBase"]
[SourceDate "2019.10.17"]
[SourceVersion "1"]
[SourceVersionDate "2019.10.17"]
[SourceQuality "1"]

1. e4 c5 2. Nf3 e6 3. d4 cxd4 4. Nxd4 a6 5. Nc3 Qc7 6. Be2 Bb4 7. Bd2 Nf6 8. Bf3 Nc6 9. Nxc6 dxc6 10. 0-0 Be7 11. Re1 e5 12. a4 Be6 13. Qe2 Rd8 14. a5 Rd4 15. Be3 Bc4 16. Bxd4 Bxe2 17. Bb6 Qc8 18. Rxe2 g5 19. Rd2 Kf8 20. Rad1 Kg7 21. g3 h5 22. Bg2 Qe6 23. Be3 g4 24. Rd3 Bb4 25. Bb6 Re8 26. b3 h4 27. Na4 hxg3 28. Rxg3 Nh5 29. Re3 Nf4 30. Bc5 Bxa5 31. Rd6 Qc8 32. b4 Bc7 33. Nb6 Qb8 34. Nc4 b5 35. Nxe5 Bxd6 36. Nxc6 Qc7 37. Bd4+ f6 0-1

[Event "Quixada Sertao op 8th"]
[Site "Quixada"]
[Date "2019.07.13"]
[Round "4"]
[White "Dias, Yuri de Carlos Sant"]
[Black "Guara Neto, Argemiro Braga"]
[Result "1/2-1/2"]
[WhiteElo "2091"]
[BlackElo "2056"]
[PlyCount "20"]
[EventDate "2019.07.12"]
[EventType "swiss"]
[EventRounds "6"]
[EventCountry "BRA"]
[SourceTitle "EXT 2020"]
[Source "ChessBase"]
[SourceDate "2019.10.17"]
[SourceVersion "1"]
[SourceVersionDate "2019.10.17"]
[SourceQuality "1"]

1. d4 d5 2. Nf3 Nf6 3. g3 g6 4. Bg2 Bg7 5. 0-0 0-0 6. c3 Nbd7 7. Bg5 Re8 8. Nbd2 h6 9. Bxf6 Nxf6 10. Ne5 c6 1/2-1/2

[Event "Maranhese-ch 25th"]
[Site "Itapecuru"]
[Date "2018.05.26"]
[Round "2"]
[White "Guara Neto, Argemiro Braga"]
[Black "Aguiar, Davi De Almeida"]
[Result "1-0"]
[WhiteElo "2063"]
[BlackElo "1624"]
[PlyCount "35"]
[EventDate "2018.05.25"]
[EventType "swiss"]
[EventRounds "5"]
[EventCountry "BRA"]
[SourceTitle "CBM 184 Extra"]
[Source "ChessBase"]
[SourceDate "2018.06.28"]
[SourceVersion "1"]
[SourceVersionDate "2018.06.28"]
[SourceQuality "1"]

1. e4 c5 2. Nf3 d6 3. d4 cxd4 4. Nxd4 Bd7 5. Nc3 g6 6. Be3 Bg7 7. Qd2 Nf6 8. f3 Nc6 9. 0-0-0 a6 10. Bh6 0-0 11. Nxc6 Bxc6 12. h4 Ne8 13. h5 b5 14. Bxg7 Nxg7 15. Qh6 gxh5 16. e5 f5 17. Rh3 f4 18. Bd3 1-0

[Event "Maranhao op 24th"]
[Site "Santa Luzia"]
[Date "2018.03.23"]
[Round "1"]
[White "Ferreira, Antonia Kaly Sousa"]
[Black "Guara Neto, Argemiro Braga"]
[Result "1/2-1/2"]
[WhiteElo "1705"]
[BlackElo "2066"]
[PlyCount "112"]
[EventDate "2018.03.23"]
[EventType "swiss"]
[EventRounds "5"]
[EventCountry "BRA"]
[SourceTitle "EXT 2019"]
[Source "ChessBase"]
[SourceDate "2018.10.10"]
[SourceVersion "1"]
[SourceVersionDate "2018.10.10"]
[SourceQuality "1"]

1. d4 d5 2. c4 e5 3. dxe5 d4 4. Nf3 Nc6 5. g3 Be6 6. b3 Qd7 7. Bg2 0-0-0 8. 0-0 h5 9. Na3 h4 10. Nxh4 Bh3 11. f4 Bc5 12. Qd3 Nh6 13. Nc2 g5 14. Nf3 Bf5 15. e4 dxe3 16. Qxd7+ Rxd7 17. Bxe3 Bxe3+ 18. Nxe3 gxf4 19. gxf4 Ne7 20. Rad1 Rg8 21. Ng5 Ng6 22. Nxf5 Nxf5 23. Bxb7+ Kxb7 24. Rxd7 Ne3 25. Rf3 Nxe5 26. fxe5 Rxg5+ 27. Rg3 Rxe5 28. Rxf7 Nc2 29. Rgg7 Rc5 30. h4 Nd4 31. Rg5 Rc6 32. h5 Ra6 33. Rgg7 Rxa2 34. Rxc7+ Kb6 35. Rb7+ Kc6 36. Rgc7+ Kd6 37. Rd7+ Ke5 38. Rd5+ Ke4 39. Re7+ Kf3 40. Rf7+ Ke4 41. Rxd4+ Kxd4 42. h6 Ra1+ 43. Kg2 Ra2+ 44. Kg3 Ra3 45. h7 Rxb3+ 46. Rf3 Rb8 47. Rf4+ Kc5 48. Kh4 a5 49. Kg5 a4 50. Kg6 a3 51. Kg7 a2 52. Rf5+ Kxc4 53. Ra5 Rb7+ 54. Kg8 Kb3 55. h8Q Rb8+ 56. Kh7 Rxh8+ 1/2-1/2

[Event "Sao Luis Maranhense-ch"]
[Site "Sao Luis"]
[Date "2017.04.15"]
[Round "3"]
[White "Barros Jr, Wilson De Jesus"]
[Black "Guara Neto, Argemiro Braga"]
[Result "1/2-1/2"]
[WhiteElo "1963"]
[BlackElo "2056"]
[PlyCount "23"]
[EventDate "2017.04.14"]
[EventType "swiss"]
[EventRounds "5"]
[EventCountry "BRA"]
[SourceTitle "CBM 178 Extra"]
[Source "ChessBase"]
[SourceDate "2017.06.22"]
[SourceVersion "1"]
[SourceVersionDate "2017.06.22"]
[SourceQuality "1"]

1. e4 c5 2. Nf3 Nc6 3. d4 cxd4 4. Nxd4 g6 5. Be3 Bg7 6. Nxc6 bxc6 7. Bd4 Nf6 8. c4 d6 9. Nd2 0-0 10. Bd3 Ng4 11. Bxg7 Kxg7 12. 0-0 1/2-1/2

[Event "Sao Luis Maranhese Cup 11th"]
[Site "Sao Luis"]
[Date "2017.03.26"]
[Round "4"]
[White "Cardoso Da Silva, Roberto"]
[Black "Guara Neto, Argemiro Braga"]
[Result "0-1"]
[WhiteElo "1914"]
[BlackElo "2031"]
[PlyCount "78"]
[EventDate "2017.03.24"]
[EventType "swiss"]
[EventRounds "5"]
[EventCountry "BRA"]
[SourceTitle "CBM 177 Extra"]
[Source "ChessBase"]
[SourceDate "2017.04.27"]
[SourceVersion "1"]
[SourceVersionDate "2017.04.27"]
[SourceQuality "1"]

1. d4 d5 2. Bf4 Nf6 3. Nf3 e6 4. e3 Be7 5. Bd3 Nbd7 6. h3 c5 7. c3 a6 8. a4 b6 9. 0-0 Bb7 10. Nbd2 0-0 11. Re1 Re8 12. Be5 Rc8 13. e4 dxe4 14. Bxf6 Nxf6 15. Nxe4 cxd4 16. Nxd4 Nd5 17. Bb1 Bf8 18. Qh5 g6 19. Qe2 Bg7 20. Nf3 Qe7 21. Rd1 Red8 22. Ba2 Nf4 23. Qe3 Bh6 24. Qe1 Nd3 25. Qe2 Nxb2 26. Rdb1 Nxa4 27. Bxe6 Qxe6 28. Rxa4 b5 29. Rab4 a5 30. Rxb5 Qxe4 31. Qxe4 Bxe4 32. Ra1 Bxf3 33. gxf3 Rxc3 34. Kg2 Rc2 35. Rbxa5 Rdd2 36. Ra8+ Kg7 37. Rf1 Be3 38. Kg3 Bxf2+ 39. Kf4 Rd4+ 0-1

[Event "Maranhense-ch"]
[Site "Sao Luis"]
[Date "2016.01.17"]
[Round "6"]
[White "Guara Neto, Argemiro Braga"]
[Black "Dias, Yuri de Carlos Sant"]
[Result "1-0"]
[WhiteElo "2042"]
[BlackElo "2110"]
[PlyCount "65"]
[EventDate "2016.01.15"]
[EventType "swiss"]
[EventRounds "6"]
[EventCountry "BRA"]
[SourceTitle "CBM 170 Extra"]
[Source "ChessBase"]
[SourceDate "2016.02.25"]
[SourceVersion "1"]
[SourceVersionDate "2016.02.25"]
[SourceQuality "1"]

1. d4 Nf6 2. c4 g6 3. Nc3 Bg7 4. Nf3 d6 5. Bg5 h6 6. Bh4 0-0 7. e3 Nbd7 8. Bd3 c6 9. Qc2 e5 10. dxe5 dxe5 11. 0-0-0 Qa5 12. g4 Nc5 13. Nxe5 Nxd3+ 14. Nxd3 Bxg4 15. Rd2 b5 16. f3 Be6 17. Ne5 Rac8 18. Rg1 Bf5 19. e4 Be6 20. Rdg2 b4 21. Nxg6 fxg6 22. Rxg6 Rc7 23. Bxf6 Rxf6 24. Rxf6 bxc3 25. Rxe6 cxb2+ 26. Qxb2 Kh7 27. e5 Qc5 28. Qc2+ Kh8 29. Re8+ Bf8 30. Rd1 Rg7 31. Qc3 Kh7 32. e6 Qf5 33. Qd3 1-0